000 00429nam a2200181Ia 4500
003 0100
008 130303s9999 xx 000 0 und d
040 _cARRUPELIB
050 _aBV245.G731979
100 _aGreen, Thomas H
245 _aWhen the well runs dry
260 _aNotre Dame, Indiana
260 _bAve Maria Press
260 _C1979
300 _a175p
650 _bMetaphysics of natural complexes
942 0 0 _02
999 _c27213
_d27213